Basics of dental technology : (Record no. 22702)
[ view plain ]
| 000 -LEADER | |
|---|---|
| fixed length control field | 01800cam a22003375a 4500 |
| 001 - CONTROL NUMBER | |
| control field | 18497128 |
| 005 - DATE AND TIME OF LATEST TRANSACTION | |
| control field | 20161019100043.0 |
| 008 - FIXED-LENGTH DATA ELEMENTS--GENERAL INFORMATION | |
| fixed length control field | 150218s2015 enka frd 001 0 eng d |
| 010 ## - LIBRARY OF CONGRESS CONTROL NUMBER | |
| LC control number | 2015006395 |
| 020 ## - INTERNATIONAL STANDARD BOOK NUMBER | |
| International Standard Book Number | 9781118886212 |
| 020 ## - INTERNATIONAL STANDARD BOOK NUMBER | |
| International Standard Book Number | 1118886216 |
| 035 ## - SYSTEM CONTROL NUMBER | |
| System control number | (DNLM)101651966 |
| 040 ## - CATALOGING SOURCE | |
| Original cataloging agency | DNLM/DLC |
| Language of cataloging | eng |
| Transcribing agency | DLC |
| Modifying agency | EG-ScBUE |
| 042 ## - AUTHENTICATION CODE | |
| Authentication code | pcc |
| 082 04 - DEWEY DECIMAL CLASSIFICATION NUMBER | |
| Edition number | 22 |
| Classification number | 617.69 |
| Item number | BAS |
| 245 10 - TITLE STATEMENT | |
| Title | Basics of dental technology : |
| Remainder of title | a step by step approach / |
| Statement of responsibility, etc | Tony Johnson ... [et al.]. |
| 250 ## - EDITION STATEMENT | |
| Edition statement | 2nd ed. |
| 260 ## - PUBLICATION, DISTRIBUTION, ETC. (IMPRINT) | |
| Place of publication, distribution, etc | Chichester, West Sussex, UK : |
| Name of publisher, distributor, etc | John Wiley and Sons, Ltd, |
| Date of publication, distribution, etc | 2016. |
| 300 ## - PHYSICAL DESCRIPTION | |
| Extent | ix, 187 p. : |
| Dimensions | 28 cm. |
| Other physical details | ill. ; |
| 500 ## - GENERAL NOTE | |
| General note | Index : p. 181-187. |
| 500 ## - GENERAL NOTE | |
| General note | Glossary : p. 179-180. |
| 500 ## - GENERAL NOTE | |
| General note | Preceded by Basics of dental technology / Tony Johnson ... [et al.]. 2011. |
| 505 0# - FORMATTED CONTENTS NOTE | |
| Formatted contents note | Complete prosthetics -- Partial prosthetics -- Fixed prosthodontics -- Orthodontics -- Occlusion -- Shade, colour and size determination for dental appliances. |
| 520 ## - SUMMARY, ETC. | |
| Summary, etc | Now available in a second edition, Basics of Dental Technology is a complete reference for the current techniques and materials used in dental technology. Retains the accessible, task-based approach and step-by-step guidance of the first edition Features updates throughout, as well as a new chapter on digital dental technology and an interactive student website to support self-assessment Explains key competencies, concepts, instruments, and equipment, and also introduces more specialist techniques and procedures, such as denture prosthetics, fixed prosthodontics, orthodontic work, and maxil. |
| 590 ## - LOCAL NOTE (RLIN) | |
| Local note | Wessam |
| 650 #7 - SUBJECT ADDED ENTRY--TOPICAL TERM | |
| Topical term or geographic name as entry element | Technology, Dental. |
| 9 (RLIN) | 40765 |
| Source of heading or term | BUEsh |
| 651 ## - SUBJECT ADDED ENTRY--GEOGRAPHIC NAME | |
| Source of heading or term | BUEsh |
| 653 ## - INDEX TERM--UNCONTROLLED | |
| Resource For college | |
| Arrived date list | October2016 |
| 700 1# - ADDED ENTRY--PERSONAL NAME | |
| Personal name | Johnson, Anthony |
| Dates associated with a name | 1964- , |
| 9 (RLIN) | 39075 |
| 942 ## - ADDED ENTRY ELEMENTS (KOHA) | |
| Source of classification or shelving scheme | Dewey Decimal Classification |
| Edition | 22 |
| Call number prefix | 617.69 BAS |
| Withdrawn status | Item status | Source of classification or shelving scheme | Damaged status | Not for loan | Vendor | Home library | Current library | Shelving location | Date acquired | Source of acquisition | Cost, normal purchase price | Serial Enumeration / chronology | Total Checkouts | Total Renewals | Full call number | Barcode | Date last seen | Date last borrowed | Cost, replacement price | Koha item type |
|---|---|---|---|---|---|---|---|---|---|---|---|---|---|---|---|---|---|---|---|---|
| Dewey Decimal Classification | Academic Bookshop | Central Library | Central Library | First floor | 19/10/2016 | Purchase | 462.00 | 9126 | 2 | 18 | 617.69 BAS | 000033942 | 15/07/2025 | 15/08/2018 | 577.00 | Book - Borrowing |